000 01057nam a2200193 a 4500
008 120416s1987 ||||||||||||||||| || u
020 _a0434903949
050 _aHD 31 Dru
100 _aDrucker, Peter F
245 1 4 _aThe frontiers of management: where tomorrow's decisions are being shaped today
260 _aLondon
_bHeinemann
_c1987
300 _axi, 368p.
350 _a0.00
650 0 _aMANAGEMENT
995 _aANNEX COLLECTION (Main Library)
_D0.00
_e724806
_FCBU-MAIN LIBRARY (Kitwe)
_H1
_I25.00
_jHD 31 Dru
_M1
_UAVAILABLE
_y000386
_ZAnnex Low-Usage Collection
995 _aMAIN LIBRARY OPEN ACCESS
_D0.00
_e723217
_FCBU-MAIN LIBRARY (Kitwe)
_H1
_I27.50
_jHD 31 Dru
_M4
_UAVAILABLE
_y024071
_ZMain Library Open Access Collection
995 _aMAIN LIBRARY OPEN ACCESS
_D0.00
_e736121
_FCBU-MAIN LIBRARY (Kitwe)
_H1
_I0.00
_jHD 31 Dru
_M3
_UAVAILABLE
_WMay 18, 2006
_y38903
_ZMain Library Open Access Collection
995 _aANNEX COLLECTION (Main Library)
_D0.00
_e724805
_FCBU-MAIN LIBRARY (Kitwe)
_H2
_I25.00
_jHD 31 Dru
_M2
_UAVAILABLE
_y000388
_ZAnnex Low-Usage Collection
999 _c63311
_d63311